Villes françaises avec un musée célèbre - Statistiques

Statistiques générales
  • Ce quiz a été pris 56 fois
  • Le résultat moyen est 7 sur 15
Statistiques - réponses
Hint Réponse % Correct
Musée du Quai Branly Paris
91%
Cité de l'Espace Toulouse
91%
Musée des Confluences Lyon
85%
Cité du Vin Bordeaux
84%
Cité internationale de la bande dessinée Angoulême
78%
Musée de la Romanité Nîmes
49%
Cité de la Voile Éric Tabarly Lorient
42%
Musée Toulouse-Lautrec Albi
40%
La Piscine Roubaix
38%
Musée Unterlinden Colmar
35%
Musée Fabre Montpellier
33%
Musée du Bonbon Haribo Uzès
31%
Musée de l'Image Épinal
25%
Musée de l'École Nancy
4%
Musée Airborne Sainte-Mère-Église
4%
Aucun quiz correspondant
Distribution des résultats
% des personnes avec chaque résultat
Percentile par nombre de réponses
Votre historique - résultats
Vous n’avez pas pris ce quiz